000 00702nam a2200289Ia 4500
005 20260324115344.0
008 008 260324s9999 xx 000 0 eng d
020 _a9781315154237
037 _aEBOOK
040 _aCRL
040 _beng
040 _cCRL
041 _2eng
041 _aeng
084 _qCRL
100 _aAnthony Matthew Hopper
_91143530
245 0 _aContinuous Improvement Strategies
245 0 _bHow to Manage, Motivate, and Retain Staff
260 _bTaylor and Francis
260 _c2018
365 _a
365 _b110
856 _uhttp://www.taylorfrancis.com/books/9781315154237
942 _cEBOOK
999 _c1745173
_d1745173